Suverénny rating bakalárska práca

Gespeichert in:
Bibliographische Detailangaben
1. Verfasser: Katriňák, Peter
Körperschaft: Národohospodárska fakulta EU. Katedra financií
Weitere Verfasser: Alexy, Martin, 1976-
Format: Buch
Sprache:Slowakisch
Veröffentlicht: Bratislava 2017
Tags: Tag hinzufügen
Keine Tags, Fügen Sie das erste Tag hinzu!

MARC

LEADER 00000nbm a2200000 4500
001 0233857
005 20171107094840.3
041 0 |a slo 
044 |a SK 
245 1 0 |a Suverénny rating  |b bakalárska práca  |c Peter Katriňák ; školiteľ: Martin Alexy 
264 1 |a Bratislava  |c 2017 
300 |a 59 s. 
100 1 |a Katriňák, Peter 
700 1 |a Alexy, Martin, 1976- 
710 2 |a Národohospodárska fakulta EU. Katedra financií